[Event "RUS-Cup02"]
[Site "Moscow"]
[Date "1998.01.24"]
[Round "4"]
[White "Sakaev, Konstantin"]
[Black "Kholmov, Ratmir D"]
[Result "1-0"]
[WhiteElo "2620"]
[BlackElo "2475"]
[Annotator "Epishin,V"]
[PlyCount "125"]
[EventDate "1998.01.21"]
[EventType "swiss"]
[EventRounds "9"]
[EventCountry "RUS"]
[SourceTitle "CBM 063"]
[Source "ChessBase"]
[SourceDate "1998.03.26"]
[SourceVersion "1"]
[SourceVersionDate "1998.03.26"]
[SourceQuality "1"]

1. d4 {Hecht} d5 2. c4 e6 3. Nc3 Be7 4. Nf3 Nf6 5. Bf4 O-O 6. e3 c5 7. dxc5
Bxc5 8. a3 Nc6 9. Rc1 dxc4 10. Bxc4 Qxd1+ 11. Rxd1 a6 12. Bd3 Rd8 13. Na4 $5
$146 Ba7 14. Bc7 Rd7 15. Bb6 Nd5 16. Bxa7 Rxa7 17. Bc4 b5 18. Bxd5 Rxd5 19.
Rxd5 exd5 20. Nc3 Be6 21. Nd4 $1 $14 Nxd4 22. exd4 {[#] Hecht: Systematische
Verschlechterung des Läufers bis hin zum Pattläufer.} a5 (22... Rc7 23. Kd2 Rc4
24. Ne2 a5 25. b3 Rc8 26. Rc1 Rxc1 27. Nxc1 Kf8 28. Na2 Bd7 29. b4 a4 30. Nc3
Bc6 $14) (22... Kf8 $142 {Hecht} 23. Kd2 Ke7 24. Na2 Kd6 25. Nb4 a5 26. Nd3 Rc7
) 23. Kd2 b4 $2 (23... Kf8 24. Rc1 Rb7 25. b4 axb4 26. axb4 Rc7 27. Nxb5 Rb7
28. Rc5 Bd7 29. Rc7 Rxb5 30. Rxd7 Rxb4 31. Rxd5 Rb2+ 32. Ke3 Rb3+ 33. Kf4 Rb2
34. Kg3 Ke7 $14) 24. Na4 $16 bxa3 25. bxa3 Rb7 26. Kc3 Kf8 27. Nc5 Rb5 28. Nb3
$1 Ke7 29. Ra1 $18 Kd6 30. a4 Rb7 31. Nxa5 Rc7+ 32. Kd2 Bd7 33. Nb3 Rc4 34. a5
Bc6 (34... Ba4 35. a6 $18) 35. a6 Rb4 36. Na5 Ba8 37. Kc3 Rb8 38. Nb3 Re8 39.
Kd2 Rb8 40. Kc3 Re8 41. Kd3 Kc7 42. Nc5 Kb6 43. Rb1+ Ka7 44. Kd2 Bc6 45. Rb3
Re7 46. Re3 Rc7 47. Rg3 g6 48. Rb3 h5 49. h4 Re7 50. Re3 Rc7 51. Kc3 Bb5 52.
Kb4 Kb6 53. Rf3 Bc6 54. Rf6 Ka7 55. Ka5 Ba8 56. Kb5 Kb8 57. Rd6 Kc8 58. Na4 Re7
59. Nb6+ Kc7 60. Rf6 Kb8 61. g3 Re2 62. Nxa8 Kxa8 63. Rxf7 1-0

[Event "Sinquefield Cup 6th"]
[Site "Saint Louis"]
[Date "2018.08.26"]
[Round "8"]
[White "Caruana, Fabiano"]
[Black "Anand, Viswanathan"]
[Result "1/2-1/2"]
[WhiteElo "2822"]
[BlackElo "2768"]
[Annotator "Fernandez,D"]
[PlyCount "78"]
[EventDate "2018.08.18"]
[EventType "tourn"]
[EventRounds "9"]
[EventCountry "USA"]
[EventCategory "22"]
[SourceTitle "CBM 186"]
[Source "ChessBase"]
[SourceDate "2018.09.14"]
[SourceVersion "1"]
[SourceVersionDate "2018.09.14"]
[SourceQuality "1"]

1. d4 Nf6 2. c4 e6 3. Nf3 d5 4. Nc3 Be7 5. Bf4 O-O 6. e3 c5 7. dxc5 Bxc5 8.
cxd5 Nxd5 9. Nxd5 exd5 10. Bd3 {Caruana decides that Wesley's opening choice
against Anand was the right one, and deviates from that round 6 game only now.}
Bb4+ 11. Nd2 (11. Ke2 $5 {deserves attention, and something tells me this
would be Carlsen's choice.}) 11... Nc6 ({Anand does not feel like seeing where
Caruana has improved upon his previous attempt to topple this system.} 11... d4
12. e4 Na6 13. O-O Nc5 14. Nb3 Be6 15. Nxc5 Bxc5 $14 {Caruana,F-Nakamura,H
Saint Louis 2018; White was a little better, though he eventually lost.}) 12.
O-O Be7 13. a3 ({Likewise, Caruana does not follow someone else's previous
choice against Anand:} 13. Rc1 Qb6 14. Nb3 g6 15. Qd2 Be6 $11 {Caruana,
F-Nakamura,H Saint Louis 2018; and the pieces were swiftly vacuumed off.})
13... g6 {This move is primarily useful to cut out ideas of Qh5, especially in
instances where this move meaningfully hits the d5-pawn.} 14. Rc1 Bf6 (14... a5
$5 {could be considered, but in general it isn't so good to commit pawns like
this, and it could be that after} 15. Qa4 {and Rc2, Nf3, Rfc1, Qb5 etc, White
stands a little better.}) 15. b4 Qe7 16. Nf3 (16. e4 Be6 $1 {Black is solid as
a rock.}) 16... Rd8 {Maybe this is not most accurate, for instance if Black
has no idea of playing ...d4 in the near future.} (16... a5 $5 17. b5 Nd8 $132)
17. h3 (17. Qd2 Bg4 18. b5 Ne5 19. Nxe5 Bxe5 20. Bxe5 Qxe5 21. h3 Bd7 $14 {
White should have a little something here, for instance with Be2-f3.}) 17...
Ne5 18. Nxe5 Bxe5 19. Qd2 a5 {A reasonable attempt to liquidate as many pawns
as possible, however maybe White achieved some advantage after this.} (19...
Bxf4 20. exf4 Bd7 21. Rfe1 Qd6 $11) 20. bxa5 Bxf4 21. exf4 Qxa3 22. Ra1 Qd6 23.
Rfb1 $1 Qf6 24. Ra2 Rd6 25. Rc2 Rc6 26. Rxc6 $2 (26. Rb5 $1 $14 {This move
gave White a little something to play with. Consider the line:} Be6 (26... Qd4
27. Qe3 Qxe3 28. fxe3 Be6 29. g4 $14) 27. Rxb7 Rxc2 28. Bxc2 Qa1+ 29. Kh2 {
and now it is absolutely critical that Black can't take on a5.} Qa2 (29... Qxa5
$6 30. Rb8+ Kg7 31. Qd4+ f6 32. Rb7+ Bf7 33. g4 $3 $16) 30. g4 Rc8 31. f5 Bxf5
$1 (31... Rxc2 32. f6 $18) (31... Qxc2 32. Qxc2 Rxc2 33. fxe6 fxe6 34. a6 $18)
32. gxf5 Qxc2 33. Qe3 Qa2 $8 34. Qf3 {White has very real, continuing threats
against Black's king, and the a-pawn isn't getting any less far advanced.})
26... bxc6 27. Qb4 Qd8 $1 {This move neutralises all White's ideas because of
the reach of the black queen from this square.} 28. Ra1 Ba6 $1 {Now commentary
isn't really required.} 29. Bxa6 Rxa6 30. f5 d4 31. fxg6 hxg6 32. Rd1 Rxa5 33.
Rxd4 Rd5 34. Re4 Rd1+ 35. Kh2 Qd6+ 36. Qxd6 Rxd6 37. Re7 Rd2 38. Rc7 Rxf2 39.
Rxc6 Ra2 1/2-1/2

[Event "Norway Chess 6th"]
[Site "Stavanger"]
[Date "2018.06.07"]
[Round "9"]
[White "Aronian, Levon"]
[Black "Nakamura, Hikaru"]
[Result "1/2-1/2"]
[WhiteElo "2764"]
[BlackElo "2769"]
[Annotator "Fernandez,D"]
[PlyCount "84"]
[EventDate "2018.05.28"]
[EventType "tourn"]
[EventRounds "9"]
[EventCountry "NOR"]
[EventCategory "22"]
[SourceTitle "CBM 185"]
[Source "ChessBase"]
[SourceDate "2018.07.13"]
[SourceVersion "1"]
[SourceVersionDate "2018.07.13"]
[SourceQuality "1"]

1. d4 Nf6 2. c4 e6 3. Nf3 d5 4. Nc3 Be7 5. Bf4 O-O 6. e3 c5 7. dxc5 Bxc5 8. Qc2
Nc6 9. Rd1 Qa5 10. a3 Re8 11. Nd2 e5 12. Bg5 Nd4 13. Qb1 Bf5 14. Bd3 {So far,
nothing that interesting has happened. We have covered many of the subtleties
in the annotated games Karjakin-Anand (this page) and Mamedyarov-Anand (Tata
Steel 2018 round 13.) I believe White is slightly better in this position, but
it is of course non-trivial to prove.} Bxd3 $1 (14... e4 $6 {is well met by}
15. Bf1 $1 {giving up a queen for three pieces.} (15. Bc2 {was nevertheless
enough for a slight edge in one of the classics.} Nxc2+ 16. Qxc2 Qa6 17. Bxf6
Qxf6 18. Nb3 $14 {Kortschnoj,V-Karpov,A Baguio City 1978}) 15... Ng4 16. cxd5
$1 Ne5 17. exd4 Nf3+ 18. gxf3 exf3+ 19. Be3 Bxb1 20. Nc4 $1 Qc7 21. dxc5 $16)
15. Qxd3 Ne4 16. Nxd5 (16. Ndxe4 {Maybe not the most precise, but safe enough.}
dxe4 17. Qd2 Ne6 18. Bh4 (18. Nxe4 Qxd2+ 19. Rxd2 f5 20. Nxc5 Nxc5 $13 {
leads to an imbalance and likely quite a good one for Black, who is likely to
recover the c4-pawn quite soon.}) 18... Qa6 19. Qe2 Rac8 20. O-O Bf8 21. Qg4
Qxc4 (21... Rxc4 $11 {equalised more reliably}) 22. Nxe4 Kh8 23. h3 Nc5 24.
Nxc5 Qxg4 25. hxg4 Rxc5 26. Rd7 $14 {Mamedyarov,S-Anand,V Tata Steel Masters
2018. Now White could potentially have a small something again.}) (16. cxd5
Nxc3 17. Qxc3 Qxc3 18. bxc3 Nc2+ 19. Ke2 f6 20. Bh4 Nxa3 21. Ne4 Rac8 $11) (16.
Ncxe4 dxe4 17. Qxe4 Qb6 {could well become another theoretical battleground,
because I believe White is probably a bit better.} 18. O-O (18. Qb1 Ne6 $1 19.
Bh4 Bxe3 {Tarjan,J -Zumsande,M Douglas 2015. is a very dangerous sacrifice and
indeed Black soon triumphed}) (18. Rb1 $5 h6 19. Bh4 g5 20. b4 Bf8 21. Bg3 Rad8
$1 22. exd4 (22. Rd1 f5 23. Qb1 f4 $11) 22... exd4 23. Be5 Bg7 24. O-O Rxe5 25.
Qd3 Qg6 26. Rb3 g4 $132 {Ding, L-Nakamura,H Sharjah 2017, We had a three
result positio though soon the players agreed a draw.}) 18... Ne2+ 19. Kh1 Qxb2
{Black lacks real alternatives. Now the hard move is:} 20. Nb1 $1 Nc3 21. Nxc3
Qxc3 22. Rd7 Bxa3 23. Qd5 Rf8 24. Rxb7 {White has extremely good compensation,
probably more than is needed.}) 16... Nxg5 17. b4 Qd8 18. bxc5 Nde6 19. O-O
Nxc5 20. Qb1 Nge6 (20... Qd6 {might improve slightly, but it is much of a
muchness.}) 21. Nf3 Nf8 {In spite of White's activity, there isn't an
advantage for him here, because of Black's amazing outpost on c5 for one or
other knight.} 22. Rd2 Rc8 23. Rfd1 Qd6 (23... e4 24. Nd4 Ng6 {is ambitious,
but this could just as easily backfire.}) 24. Nc3 Qg6 25. Rd5 Qxb1 26. Rxb1 f6
27. Nb5 Ne4 (27... Red8 $5 28. Nxa7 Rxd5 29. cxd5 Rd8 30. Rd1 Na4 $132 {
is actually ambitious for Black, based on White's bad knights (especially f3)
but I'm not sure how successful he will be.}) 28. Nd2 Nxd2 29. Rxd2 Re7 $11 {
It is already clear that the game will be drawn, now it is just a question of
how!} 30. Nxa7 Rxc4 31. Nb5 Rd7 32. Rxd7 Nxd7 33. Nd6 Rc3 34. Nxb7 Rxa3 35. h3
Ra8 36. Rd1 Nf8 37. Nc5 Rc8 38. Ne4 Rc7 39. Kf1 Ne6 40. Rd6 Kf7 41. Rb6 Nc5 42.
Nxc5 Rxc5 1/2-1/2

[Event "Sinquefield Cup 6th"]
[Site "Saint Louis"]
[Date "2018.08.24"]
[Round "6"]
[White "So, Wesley"]
[Black "Anand, Viswanathan"]
[Result "1/2-1/2"]
[WhiteElo "2780"]
[BlackElo "2768"]
[Annotator "Fernandez,D"]
[PlyCount "131"]
[EventDate "2018.08.18"]
[EventType "tourn"]
[EventRounds "9"]
[EventCountry "USA"]
[EventCategory "22"]
[SourceTitle "CBM 186"]
[Source "ChessBase"]
[SourceDate "2018.09.14"]
[SourceVersion "1"]
[SourceVersionDate "2018.09.14"]
[SourceQuality "1"]

1. d4 Nf6 2. c4 e6 3. Nf3 d5 4. Nc3 Be7 5. Bf4 O-O 6. e3 c5 7. dxc5 Bxc5 8.
cxd5 ({It barely needs stating that after} 8. Qc2 Nc6 {and either a3 or Rd1,
we enter a theoretical battlefield in which I have annotated many games on
this site, many of which featured either Anand or Nakamura.}) 8... Nxd5 (8...
exd5 9. Rc1 {might be a marginally better version than the game for White,
because the c3-knight often has chances to annoy the black dark-squared bishop.
}) 9. Nxd5 exd5 10. a3 Nc6 11. Bd3 {Wesley fancies his chances of
impersonating Magnus today, and turning the IQP into (say) a bishop pair, and
slowly constricting his opponent to death.} Bb6 12. O-O Bg4 (12... Qf6 13. b4
Bf5 {might seem principled, but actually any exchanges at all favour the side
battling the IQP.} 14. Bxf5 Qxf5 15. Qb1 $14) 13. h3 Bh5 14. Bb1 {Clearly,
Wesley would like the option to force the d-pawn forward with Ba2, but this
may not be one that he actually wants. The position is now totally equal,
because when Black ventures ...d4 there will be mass liquidations.} (14. b4 $5
a6 15. Re1 {is the most maximalist way to play the position, with e4 being the
response to ...d4.}) 14... d4 15. Qd3 (15. e4 {would be the main way to try
and claim an advantage, if this were appropriate; however it turns out not to
be after} Bc7 $1 16. Bxc7 Qxc7 {and only Black can be better.}) 15... Bg6 (
15... f5 $5 $11) 16. e4 Re8 17. Re1 Qe7 {Keeping the f3-knight and b1-bishop
at home while preparing ...Rad8. As ...Bc7 is firmly within Black's territory,
White will find himself unable to stop it in the long run.} (17... Bc7 $11) 18.
Qb5 f6 $6 {Black strives a little too hard for control.} (18... Bc7 19. Qxb7
Bxf4 20. Qxc6 Rab8 $44 {makes considerable sense to me as a pawn sacrifice.}) (
18... Rac8 {is the machine suggestion, preparing ...Bc7 yet again.}) 19. Nh4 (
19. e5 $1 Bxb1 20. Raxb1 fxe5 21. Bxe5 $14 {gives White an advantage based on
better co-ordination.}) 19... Bf7 20. Nf5 Qc5 21. Qe2 Ne5 22. Bxe5 Qxe5 23. Bd3
{The position is now level again, but as is often the way with the bishop pair,
if Black can avoid making big concessions in the next 10 moves he has good
chances of being better.} Bg6 (23... Kh8 24. Rac1 Bb3 25. Qf1 g6 26. f4 Qe6 27.
Nh4 Rac8 28. Nf3 Ba5 {might be one sequence of moves after which Black begins
taking more control of the game}) 24. Qd2 Bxf5 {Indicating contentment with a
draw, but quite often playing too hard for a draw has adverse results.} (24...
Rac8 $11) 25. exf5 Qd5 26. Qc2 (26. Re2 $14) 26... Kf8 27. Re6 Rxe6 28. fxe6 g6
29. Re1 Re8 $1 {The situation is back under control, and even though Black
needs to sacrifice a pawn to get the queens off on the next move, there isn't
such a big risk of losing anymore.} 30. Bc4 ({Having said that, something like
} 30. h4 Qc5 31. Qe2 $14 {'hinting' at h5, was interesting from a practical
perspective.}) 30... d3 31. Qxd3 Qxd3 32. Bxd3 Ke7 33. Bc4 Rd8 34. Re2 Ba5 35.
b4 Rd1+ 36. Kh2 Bc7+ 37. g3 Rc1 38. Ba2 Rc3 39. a4 Bd6 $11 40. b5 Ra3 41. Bd5
b6 {Black is active enough that if the rooks stay on, all three results might
occur. Therefore White bailed out, but played on, as is the way with such
things:} 42. Ra2 Rxa2 43. Bxa2 f5 44. Kg2 Be5 45. g4 fxg4 46. hxg4 h5 47. gxh5
gxh5 48. Kh3 Bf6 49. Bc4 Kd6 50. Kg3 Ke7 {A interesting choice, but not a
mistake. Black can defend actively, which is preferable to allowing a raid by
White's king.} (50... Ke5 $1 51. f4+ Kf5 $11 {and neither of White's pieces
has any prospects at all.}) 51. Kf4 h4 52. Kg4 Kd6 53. f3 Ke7 54. f4 Kd6 55.
Kf5 Ke7 56. Bf1 Ba1 57. Bh3 Bf6 58. Bg4 Ba1 59. Ke4 Kd6 60. Bh3 (60. Kf5 Ke7
61. Kg5 Bf6+ 62. Kh5 Kd6 {The fortress holds firm.}) 60... Bb2 61. Kd3 Bf6 62.
Kc4 Be7 63. Kd4 Bf6+ 64. Kc4 Be7 65. Kd4 Bf6+ 66. Kc4 1/2-1/2

[Event "London Classic 9th"]
[Site "London"]
[Date "2017.12.11"]
[Round "9"]
[White "Karjakin, Sergey"]
[Black "Nakamura, Hikaru"]
[Result "1/2-1/2"]
[WhiteElo "2760"]
[BlackElo "2781"]
[Annotator "Fernandez,D"]
[PlyCount "62"]
[EventDate "2017.12.01"]
[EventType "tourn"]
[EventRounds "9"]
[EventCountry "ENG"]
[EventCategory "22"]
[SourceTitle "CBM 182"]
[Source "ChessBase"]
[SourceDate "2018.01.17"]
[SourceVersion "1"]
[SourceVersionDate "2018.01.17"]
[SourceQuality "1"]

1. d4 Nf6 2. c4 e6 3. Nf3 d5 4. Nc3 Be7 5. Bf4 O-O 6. e3 c5 (6... Nbd7 {
is of course also played...}) 7. dxc5 Bxc5 8. cxd5 Nxd5 9. Nxd5 exd5 10. a3 {
Today will be one of those days: no massively special preparation, just a
brief attempt to prove a static-based plus and if it doesn't work then agree a
draw.} Nc6 11. Bd3 Bb6 12. O-O Qf6 (12... Bg4 {has been Nakamura's previous
choice in this position.} 13. h3 Bh5 14. b4 a6 15. Be2 $1 {The move the
engines want, with the visually appealing idea of Ra2-d2. It also ties down
the Qd8 and prevents d4. It is not unreasonable to suspect that this may have
been a wrinkle Karjakin had in mind. It has been played in a smattering of
2500 or low 2600 games but no elite ones.} (15. Rc1 d4 16. g4 Bg6 17. e4 $13 {
White eventually prevailed in a strategically extremely murky game in Svidler,
P (2741)-Harikrishna,P (2758) Shenzhen 2017. At one point Black channelled his
inner Petrosian and actively sacrificed an exchange on e6...}) (15. Rb1 d4 {
was seen in the previous Nakamura game. This move initiates simplifications
and equalises.} 16. b5 axb5 17. Rxb5 Bxf3 18. Qb1 Bc7 19. Bxh7+ Kh8 20. gxf3
Bxf4 21. exf4 Ne7 22. Rh5 Ra5 23. Bf5+ {1/2-1/2 Inarkiev,E-Nakamura,H Moscow
2017}) 15... d4 $6 16. exd4 Bxf3 17. Bxf3 Qxd4 18. Be3 {Maximalism, trying to
get the position with the weakened Black queenside structure without allowing .
..Qxf4.} ({If we're honest about it, even} 18. Bxc6 {leads to a slight plus.}
Qxf4 (18... bxc6 19. Qxd4 Bxd4 20. Rac1 Rac8 21. Rfd1 $16) 19. Bxb7 Rad8 20.
Qg4 $14 {and Black may have something for the pawn but 1) it's not enough and
2) a6 is also under attack.}) 18... Qxd1 19. Rfxd1 Bxe3 20. fxe3 Rfe8 (20...
Rfd8 $14) 21. Kf2 Re7 (21... Kf8 $14) 22. Bxc6 bxc6 23. Rd6 $16 {Dreev,A
-Chandler,M, Hastings 2000}) 13. b4 h6 (13... Bf5 {seems a bit more natural to
me}) 14. b5 Nd4 {Notwithstanding the very last note, it is clear that this
visually impressive move was preparation. I suspect from the reaction that
White was not still in his preparation.} 15. h3 (15. Nxd4 Bxd4 16. Rc1 {
Critical.} Bb2 $8 (16... Bb6 17. Bb1 d4 18. Qd3 {and Black drops a pawn}) (
16... Be5 17. Qa4 Bxf4 18. Qxf4 Qxf4 19. exf4 $14 {and Black's position looks
nasty to have to defend in an actual game}) 17. Rc7 Bxa3 18. Bb1 (18. Qa4 $5
Bd6 19. Bxd6 Qxd6 20. Rfc1 $14 {Personally, I think White's compensation here
is more than adequate, and so this ...Nd4 idea is not an equaliser. There is
of course room for debate.}) 18... Bd6 19. Qc2 g6 20. Bxd6 Qxd6 21. Ba2 Bf5 22.
Qc5 Qxc5 23. Rxc5 $11 {Flores,D-Onischuk,A Khanty-Mansiysk 2009}) 15... g5 (
15... Be6 $11) 16. Nxd4 {Notwithstanding minor evaluation shifts later, the
game was now essentially guaranteed to be drawn. The weakness of the Black
pawn structure is mitigated by ...Bxd4 and then fully compensated for by the
open g-file.} gxf4 17. Qf3 Bxd4 18. exd4 Be6 $11 19. Rfe1 Kh8 20. Re5 Rg8 (
20... Rac8 21. Bf5 $14 {was the wrinkle White intended, but at 2700 level this
is essentially a cheapo.}) 21. Rae1 Rg7 22. g4 Rag8 23. Kf1 Rg5 24. Bc2 Rc8 25.
Qd3 Kg8 26. Bd1 Kg7 27. Bf3 b6 28. Kg2 Rh8 29. Qd2 Rc8 30. Qd3 Rh8 31. Qd2 Rc8
1/2-1/2

[Event "Tata Steel-A 81st"]
[Site "Wijk aan Zee"]
[Date "2019.01.14"]
[Round "3"]
[White "Shankland, Samuel L"]
[Black "Anand, Viswanathan"]
[Result "1/2-1/2"]
[WhiteElo "2725"]
[BlackElo "2773"]
[Annotator "Fernandez,D"]
[PlyCount "69"]
[EventDate "2019.01.12"]
[EventType "tourn"]
[EventRounds "13"]
[EventCountry "NED"]
[EventCategory "21"]
[SourceTitle "CBM 188"]
[Source "ChessBase"]
[SourceDate "2018.12.21"]
[SourceVersion "1"]
[SourceVersionDate "2018.12.21"]
[SourceQuality "1"]

1. d4 Nf6 2. c4 e6 3. Nf3 d5 4. Nc3 Be7 5. Bf4 O-O 6. e3 b6 {The main
interesting thing about this move is that it isn't ...c5.} 7. Bd3 (7. cxd5 {
This appears natural, but it transpires that ...b6 isn't that much of a
concession in and of itself.} Nxd5 (7... exd5 {is also played, but I believe
the knight on c3 to do more work than its equivalent on f6, not least because
of the a5-e1 diagonal.} 8. Ne5 $14) 8. Nxd5 Qxd5 ({Perhaps cleaner than} 8...
exd5 9. Bd3 c5 {when White can choose his structure: sensible seems} 10. Ne5 {
with slightly better co-ordination.}) 9. a3 Bd6 10. Bxd6 cxd6 11. Rc1 $11) 7...
dxc4 8. Bxc4 Ba6 9. Bxa6 Nxa6 10. Qa4 {At this point, White decided to control
c6 rather than e4 with the queen- it isn't feasible to do both.} (10. Qe2 $5
Qc8 11. O-O c5 12. e4 cxd4 13. Nxd4 {probably peters out after a timely
minor-piece exchange from Black, but he has to set it up first.} Qb7 $6 (13...
Rd8 {seems a better way to prepare ...Nd5}) 14. Rad1 (14. e5 Nd5 15. Nxd5 Qxd5
16. Nb5 $14) 14... Rfd8 15. Bg5 h6 16. Bh4 Rd7 17. Ndb5 Rad8 18. Rxd7 Rxd7 19.
e5 Ne8 20. Bxe7 Rxe7 $11 {Kuljasevic,D-Dragnev,V Le Castella 2018}) 10... Qc8 (
10... Nb4 11. O-O Qe8 $1 $11 {is the computer's suggestion, when it is
plausible that Black is trying to be better as well.}) 11. O-O c5 12. Rac1 Qb7
13. a3 {Preparing to restrict the a6-knight further.} Rfc8 (13... Nd5 14. Nxd5
exd5 15. Qb5 $14 {isn't the minor-piece trade Black is looking for: the
hanging pawns are a little clunky right now.}) (13... Nc7 $5 {seems a good bet
for equality, setting up ...Ncd5 unless White ventures} 14. e4 $5 a6 $1 {
when White's centre is under enough pressure from ...b5-b4 and ...Nb5 ideas to
nearly necessitate} 15. dxc5 bxc5 16. Bxc7 Qxc7 $132) 14. Nb5 {Now it seems to
me that White has a small something.} Nb8 15. dxc5 bxc5 16. Ne5 (16. Nd6 Bxd6
17. Bxd6 Nbd7 18. Ne5 {White's bishop is, by a small margin, the best minor
piece on the board; it seems to me that he can probably press.}) 16... Nbd7 17.
Nxd7 ({Now on} 17. Nd6 Bxd6 18. Nxd7 {there follows} Bxf4 (18... Be7 $6 19. Bg5
Qxb2 20. Bxf6 $14) 19. Nxf6+ gxf6 20. Qxf4 Qxb2 $1 {and White has no more than
a draw.}) 17... Qxd7 18. Rfd1 Qc6 $6 (18... Qb7 {maintained equality because
after} 19. Bd6 $2 {there is} a6 $1 $17) 19. Bd6 Qb7 (19... a6 20. Rxc5 $1 axb5
21. Rxc6 bxa4 22. Rxc8+ Rxc8 23. Bxe7 Nd5 24. Bd6 $14 {is an unlosable endgame
for White, and a slightly treacherous one for Black.}) 20. Be5 (20. Bxe7 Qxe7
21. h3 $14 {kept a slight plus due to pawn structure.}) 20... Nd5 21. Qg4 g6
22. e4 {Now the pieces are sucked off the board as if by magic.} Qxb5 (22...
Ne3 23. fxe3 Qxb5 {was mildly ambitious and maybe worth a punt if Black was
very keen to play a game.}) 23. exd5 exd5 24. Rxd5 Rd8 25. Rcd1 Rxd5 26. Rxd5
Qc6 27. Qd1 Re8 28. Bc3 Bf6 29. Rd6 Qxd6 30. Qxd6 Rd8 31. Qa6 (31. Qxd8+ Bxd8
32. Kf1 {is only optically better: with the king on c6 Black holds with ease.})
31... Rd1+ 32. Qf1 Rxf1+ 33. Kxf1 Bxc3 34. bxc3 Kf8 35. Ke2 1/2-1/2